Hospodárska kríza a jej dopad na ekonomiku vybraných krajín bakalárska práca

Gespeichert in:
Bibliographische Detailangaben
1. Verfasser: Simonides, Jakub
Körperschaft: Podnikovohospodárska fakulta EU so sídlom v Košiciach. Katedra ekonómie
Weitere Verfasser: Pétrová, Rozália
Format: Buch
Sprache:Slowakisch
Veröffentlicht: Košice 2014
Tags: Tag hinzufügen
Keine Tags, Fügen Sie das erste Tag hinzu!

MARC

LEADER 00000nbm a2200000 4500
001 0189201
005 20240827092351.4
041 0 |a slo 
044 |a SK 
245 1 0 |a Hospodárska kríza a jej dopad na ekonomiku vybraných krajín  |b bakalárska práca  |c Jakub Simonides ; školiteľ: Rozália Pétrová 
264 1 |a Košice  |c 2014 
300 |a 47 s. 
100 1 |a Simonides, Jakub 
700 1 |a Pétrová, Rozália 
710 2 |a Podnikovohospodárska fakulta EU so sídlom v Košiciach. Katedra ekonómie